000 02045nam0a22004931 4500
001 RU\NLR\P19\A1SV\41611
005 20260405223936.0
035 _a(NLR Aleph) 011122818
090 _a11530763
_c11530763
100 _a20020325d1925 u y0rusy50 ca
101 0 _arus
102 _aRU
105 _ab |||||||||
200 1 _aТуземцы Туруханского края
_eопыт исследования экономического положения
_fЛ.Н. Доброва-Ядринцева
_gпод ред. В. Лаврова
210 _aНовониколаевск
_cиздание Сибирского революционного комитета
_d1925
215 _a[4], 81 с., [7] л. карт., табл.
_d25
225 1 _aБиблиотека "Жизни Сибири"
607 _aТуруханский край
_xИсторико-этнографические исследования
_92622694
_3RU\NLR\AUTH\661559254
607 _aТуруханский край
_xНародное хозяйство
_xИстория
_92622702
_3RU\NLR\AUTH\661559262
617 _aРоссия
_mСибирь Восточная
_cТуруханский край
620 _dНовосибирск
686 _aТ3(2Р54-4Кра)71-2
686 _aТ52(2Р54-4Кра)
686 _aУ03(2Р-4Кра)5
700 1 _4070
_8rus
_7ca
_aДоброва-Ядринцева
_bЛ. Н.
_f1885-ок.1930
_gЛидия Николаевна
_3RU\NLR\AUTH\77102073
_984999
702 1 _4340
_8rus
_7ca
_aЛавров
_bВ.
_cредактор издательства
_3RU\NLR\AUTH\77102074
_985000
801 0 _aRU
_bNLR
_c20020325
801 2 _aRU
_bNLR
_c20110805
_2rusmarc
852 _aNLR
_j17.154.7.366
899 _aГАНО
899 _aБАН
899 _aИОГУНБ
899 _aНБ БГУЭП
899 _aГОПБ
899 _aГПИБ
899 _aКУНБ
899 _aГИМ
899 _aРГБ
899 _aРКП
899 _aNLG
899 _aСПбГУ
899 _aМГУ
942 _cBOOK
980 _aNB